Biggest Canadian Cities as a Percent of the Province / Territory - Statistics

General Stats
  • This quiz has been taken 118 times
  • The average score is 18 of 30
Answer Stats
Percentage Pop Canada City % Correct
19.38% 2,731,571 Toronto
99%
13.22% 631,486 Vancouver
94%
21.79% 932,546 Edmonton
93%
20.40% 1,704,694 Montréal
93%
28.95% 1,239,220 Calgary
92%
6.36% 531,902 Québec
90%
6.63% 934,243 Ottawa
89%
53.09% 705,244 Winnipeg
88%
44.21% 19,569 Yellowknife
88%
66.55% 25,085 Whitehorse
87%
42.34% 403,131 Halifax
86%
8.92% 67,575 Saint John
86%
20.55% 108,860 St. John's
86%
18.57% 215,106 Regina
80%
21.27% 246,376 Saskatoon
80%
20.76% 7,740 Iqaluit
67%
24.16% 36,094 Charlottetown
60%
7.68% 58,220 Fredericton
58%
5.12% 721,599 Mississauga
54%
9.49% 71,889 Moncton
51%
10.84% 517,887 Surrey
42%
5.06% 422,993 Laval
32%
9.93% 14,829 Summerside
18%
7.33% 3,243 Inuvik
12%
7.62% 2,842 Rankin Inlet
12%
7.97% 3,528 Hay River
9%
7.13% 2,657 Arviat
7%
6.50% 9,706 Stratford
6%
5.74% 2,542 Fort Smith
5%
5.55% 2,069 Baker Lake
4%
No matching quizzes found
Score Distribution
Percent of People with Each Score
Percentile by Number Answered
Your Score History
You have not taken this quiz